Kvantitatívne uvoľňovanie a jeho vplyv na akciový trh USA

Najvýznamnejšie opatrenia FED v boji s recesiou. Kvantitatívne uvoľňovanie bolo jedným z opatrení FEDu, ako vrátiť na trh likviditu. Kvantitatívne uvoľňovanie monetárnej politiky v USA. Kvantitatívne uvoľňovanie a akciový trh USA. Štyri vlny kvantitatívneho uvoľnovania a ich efekty.

Enregistré dans:
Détails bibliographiques
Auteur principal: Gachová, Katarína, 1977-
Format: Chapitre de livre
Langue:slovaque
Sujets:
Tags: Ajouter un tag
Pas de tags, Soyez le premier à ajouter un tag!

MARC

LEADER 00000nla a2200000 4500
001 0174686
005 20241121133938.4
041 0 |a slo 
044 |a SK 
245 1 0 |a Kvantitatívne uvoľňovanie a jeho vplyv na akciový trh USA  |c Katarína Gachová 
520 |a Najvýznamnejšie opatrenia FED v boji s recesiou. Kvantitatívne uvoľňovanie bolo jedným z opatrení FEDu, ako vrátiť na trh likviditu. Kvantitatívne uvoľňovanie monetárnej politiky v USA. Kvantitatívne uvoľňovanie a akciový trh USA. Štyri vlny kvantitatívneho uvoľnovania a ich efekty. 
610 2 0 |a kríza 
610 2 0 |a recesia 
610 2 0 |a USA 
610 2 0 |a trh finančný 
610 2 0 |a trh akciový 
610 2 0 |a politika menová 
610 2 0 |a likvidita 
610 2 0 |a sadzby úrokové 
610 2 0 |a uvoľňovanie kvantitatívne 
100 1 |a Gachová, Katarína, 1977-